LEADER 02196nam 2200529 a 450 001 9910452014103321 005 20200520144314.0 010 $a1-280-67635-3 010 $a9786613653284 010 $a0-309-25502-3 035 $a(CKB)2550000000103602 035 $a(EBL)3378974 035 $a(SSID)ssj0000654183 035 $a(PQKBManifestationID)12293054 035 $a(PQKBTitleCode)TC0000654183 035 $a(PQKBWorkID)10661574 035 $a(PQKB)11027464 035 $a(MiAaPQ)EBC3378974 035 $a(Au-PeEL)EBL3378974 035 $a(CaPaEBR)ebr10565360 035 $a(CaONFJC)MIL365328 035 $a(OCoLC)794903753 035 $a(EXLCZ)992550000000103602 100 $a20120614d2012 uy 0 101 0 $aeng 135 $aur|n|---||||| 181 $ctxt 182 $cc 183 $acr 200 10$aAcute exposure guideline levels for selected airborne chemicals$hVolume 12$b[electronic resource] /$fCommittee on Acute Exposure Guideline Levels, Committee on Toxicology, Board on Environmental Studies and Toxicology, Division on Earth and Life Studies, National Research Council of the National Academies 210 $aWashington, D.C. $cNational Academies Press$d2012 215 $a1 online resource (335 p.) 300 $aDescription based upon print version of record. 311 $a0-309-25501-5 320 $aIncludes bibliographical references. 327 $a""Front Matter""; ""Preface""; ""Contents""; ""Acute Exposure Guideline Levels for Selected Airborne Contaminants, Volume 12""; ""National Research Council Committee Review of Acute Exposure Guideline Levels of Selected Airborne Chemicals""; ""Appendixes""; ""1 Butane""; ""2 Chloroacetaldehyde""; ""3 Chlorobenzene""; ""4 Chloroform""; ""5 Methyl Bromide""; ""6 Methyl Chloride""; ""7 Propane"" 606 $aGases, Asphyxiating and poisonous 608 $aElectronic books. 615 0$aGases, Asphyxiating and poisonous. 676 $a615.91 801 0$bMiAaPQ 801 1$bMiAaPQ 801 2$bMiAaPQ 906 $aBOOK 912 $a9910452014103321 996 $aAcute exposure guideline levels for selected airborne chemicals$91914293 997 $aUNINA LEADER 01643oam 2200481 a 450 001 9910700916603321 005 20110919132632.0 035 $a(CKB)5470000002413865 035 $a(OCoLC)699850145 035 $a(EXLCZ)995470000002413865 100 $a20110201d2011 ua 0 101 0 $aeng 135 $aurmn||||a|||| 181 $ctxt$2rdacontent 182 $cc$2rdamedia 183 $acr$2rdacarrier 200 10$aBorder security$b[electronic resource] $eenhanced DHS oversight and assessment of interagency coordination is needed for the northern border : report to congressional requesters 210 1$a[Washington, D.C.] :$cU.S. Govt. Accountability Office,$d[2011] 215 $a1 online resource (iii, 55 pages) $cmaps 300 $aTitle from title screen (viewed Feb. 1, 2011). 300 $a"December 2010." 300 $a"GAO-11-97." 320 $aIncludes bibliographical references. 517 $aBorder security 606 $aInteragency coordination$zUnited States$xEvaluation 606 $aBorder security$zCanada 606 $aBorder security$zUnited States 606 $aBorder security$xInternational cooperation 607 $aUnited States$xBoundaries$zCanada 607 $aCanada$xBoundaries$zUnited States 615 0$aInteragency coordination$xEvaluation. 615 0$aBorder security 615 0$aBorder security 615 0$aBorder security$xInternational cooperation. 801 0$bDID 801 1$bDID 801 2$bVP@ 801 2$bOCLCQ 801 2$bGPO 906 $aBOOK 912 $a9910700916603321 996 $aBorder security$93423087 997 $aUNINA